Evaluación de investigaciones estratégicas / (Registro nro. 8295)

Detalles MARC
000 -LEADER
fixed length control field 02884nam a2200325Ia 4500
003 - CONTROL NUMBER IDENTIFIER
control field OSt
005 - DATE AND TIME OF LATEST TRANSACTION
control field 20210809164937.0
008 - FIXED-LENGTH DATA ELEMENTS--GENERAL INFORMATION
fixed length control field 210310s2014 ck ad fr 000 0dspa d
020 ## - INTERNATIONAL STANDARD BOOK NUMBER
International Standard Book Number 9789587622256
040 ## - CATALOGING SOURCE
Original cataloging agency CO-JMCR
Transcribing agency CO-JMCR
041 0# - LANGUAGE CODE
Language code of text/sound track or separate title spa
082 04 - DEWEY DECIMAL CLASSIFICATION NUMBER
Classification number 332.6 /
Item number M353e
Edition number 23
100 1# - MAIN ENTRY--PERSONAL NAME
Personal name Marín, José Nicolás,
9 (RLIN) 16872
Relator term autor
245 10 - TITLE STATEMENT
Title Evaluación de investigaciones estratégicas /
Statement of responsibility, etc. J. Nicolás Marín, Eduardo Luis Montiel, Niels Ketelhöhn
250 ## - EDITION STATEMENT
Edition statement Primera edición
260 ## - PUBLICATION, DISTRIBUTION, ETC.
Place of publication, distribution, etc. Bogotá :
Name of publisher, distributor, etc. Ediciones de la U,
Date of publication, distribution, etc. 2014
300 ## - PHYSICAL DESCRIPTION
Extent 263 páginas :
Other physical details ilustraciones y gráficas a blanco y negro ;
Dimensions 22 cm.
490 0# - SERIES STATEMENT
Series statement Colección Acción Empresarial
500 ## - GENERAL NOTE
General note Incluye notas a pie de página y datos biográficos de los autores.
504 ## - BIBLIOGRAPHY, ETC. NOTE
Bibliography, etc. note Bibliografía: páginas 259-263
505 0# - FORMATTED CONTENTS NOTE
Formatted contents note Los proyectos de inversión en la estrategia -- Los proyectos de inversión -- Los métodos de evaluación -- La evaluación de proyectos en situaciones complejas -- El costo del capital y los proyectos de inversión -- Riesgo, retorno y tasas de descuento -- El riesgo en los flujos del proyecto -- Valoración de la flexibilidad en las inversiones: opciones reales -- Efectos económicos en los proyectos de inversión
520 3# - SUMMARY, ETC.
Summary, etc. La complejidad actual de los mercados hace que cada vez más empresas busquen nuevas inversiones, ya sea en su país de origen o más allá de las fronteras en las que suelen operar En esta situación, acertar a la hora de elegir dónde y cómo invertir se convierte en una cuestión de suma importancia ya que una mala inversión puede llevar a la ruina a una compañía.<br/>Este libro, escrito por tres reconocidos expertos en la materia a nivel internacional, explica con detalle todo aquello que una empresa debe tener en cuenta para planificar inversiones A partir de un riguroso marco teórico, los auto res exponen desde un punto de vista estratégico, financiero y de riesgo cómo identificar, analizar y desarrollar inversiones en cualquier mercado y sector.<br/>A lo largo del libro se profundiza en todos los aspectos necesarios que re quiere cualquier inversión, con una explicación detallada de los cálculos que deben realizarse y aclaraciones y ejemplos que ayudarán al lector a realizar sus propias estimaciones.<br/>Finalmente, para completar la parte práctica del libro, los autores han re copilado cuatro casos prácticos desarrollados por ellos mismos y que han demostrado ser excelentes herramientas de aprendizaje para sus alumnos en el MBA de INCAE Business School, reconocida como la mejor escuela de negocios de Latinoamérica.
650 14 - SUBJECT ADDED ENTRY--TOPICAL TERM
Topical term or geographic name entry element Finanzas
9 (RLIN) 16874
650 24 - SUBJECT ADDED ENTRY--TOPICAL TERM
Topical term or geographic name entry element Inversión
9 (RLIN) 39220
650 24 - SUBJECT ADDED ENTRY--TOPICAL TERM
Topical term or geographic name entry element Riesgo de inversión
9 (RLIN) 39221
650 24 - SUBJECT ADDED ENTRY--TOPICAL TERM
Topical term or geographic name entry element Riesgo financiero
9 (RLIN) 11357
700 1# - ADDED ENTRY--PERSONAL NAME
Personal name Montiel, Eduardo Luis,
Relator term autor
9 (RLIN) 39222
700 1# - ADDED ENTRY--PERSONAL NAME
Personal name Ketelhöhn, Niels,
Relator term autor
9 (RLIN) 39223
942 ## - ADDED ENTRY ELEMENTS (KOHA)
Source of classification or shelving scheme Dewey Decimal Classification
Koha item type Books
Existencias
Withdrawn status Lost status Source of classification or shelving scheme Damaged status Not for loan Collection code Home library Current library Date acquired Source of acquisition Full call number Barcode Date last seen Copy number Koha item type Total Checkouts Date last checked out Price effective from
    Dewey Decimal Classification     Non-fiction Biblioteca Pública José María del Castillo y Rada Biblioteca Pública José María del Castillo y Rada 04/15/2018 Donación 332.6 / M353e 430000266 05/16/2024 Ej.1 Books      
    Dewey Decimal Classification     Non-fiction Biblioteca Pública José María del Castillo y Rada Biblioteca Pública José María del Castillo y Rada 04/15/2018 Donación 332.6 / M353e 430001850 07/09/2024 Ej.2 Books 1 07/08/2024 08/09/2021